Hitotsubashi journal of arts and science
Gespeichert in:
| Format: | Buch |
|---|---|
| Sprache: | Undetermined |
| Veröffentlicht: |
Japan
Hitotsubashi University
2004
|
| Schlagworte: | |
| Tags: |
Tag hinzufügen
Keine Tags, Fügen Sie den ersten Tag hinzu!
|
| Thư viện lưu trữ: | Trung tâm Học liệu Trường Đại học Cần Thơ |
|---|
| LEADER | 00428nam a2200157Ia 4500 | ||
|---|---|---|---|
| 001 | CTU_76198 | ||
| 008 | 210402s9999 xx 000 0 und d | ||
| 082 | |a 052 | ||
| 082 | |b H675/Vol.45 | ||
| 245 | 0 | |a Hitotsubashi journal of arts and science | |
| 260 | |a Japan | ||
| 260 | |b Hitotsubashi University | ||
| 260 | |c 2004 | ||
| 650 | |a Journal | ||
| 904 | |i Tuyến,Hải | ||
| 980 | |a Trung tâm Học liệu Trường Đại học Cần Thơ | ||